000 00844nam a2200277 4500
003 OSt
005 20260530115316.0
008 260505b2012 tura|||| |||| 00| 0 tur d
020 _a9786055275044
040 _aICI
_bspa
_cICI
041 _atur
050 _aBH301.I4
_bI892 2012
111 _aIstanbul design biennial
_d(october 13 - december 12 2012)
245 _aKusurluluk =
_bImperfection
264 1 _aEstambul :
_bIstanbul Foundation for Culture and Arts,
_c2012
300 _a368 páginas :
_bIlustraciones
336 _2rdacontent
_atexto
337 _2rdamedia
_asin medio
338 _2rdacarrier
_avolumen
650 0 _aEstética
_97755
650 0 _aImperfección (Filosofía)
_933647
650 0 _aBelleza
_933648
650 0 _aArte
_xFilosofía
650 0 _aDiseño
_xAspectos filosóficos
_933650
942 _2lcc
_n1
_cBK
999 _c13580
_d13580